Quiz o Lesku - Statystyki

Ogólne statystyki
  • Ten quiz został rozwiązany 20 razy
  • Średni wynik to 6 z 15
Statystyki odpowiedzi
Pytanie Odpowiedź % Poprawnych
W którym wieku Lesko otrzymało prawa miejskie? XV
92%
Kto jest burmistrzem Leska? Adam Snarski
75%
Jak nazywa się coroczny festiwal muzyki klasycznej odbywający się w Lesku? {Bieszczadzkie} Lato z Muzyką
67%
Jaką funkcję pełni obecnie dawny zamek w Lesku? Hotel
50%
Jak nazywa się charakterystyczna skała nad Sanem, będąca symbolem Leska? Kamień Leski
50%
Który ród szlachecki był fundatorem zamku i głównym właścicielem Leska w okresie renesansu? Kmitowie
42%
Który znany poeta polski odwiedził Lesko w XIX wieku i opisał je w swojej korespondencji? Wincenty Pol
42%
Który zakon prowadził dawniej szkołę i klasztor w Lesku? Franciszkanie
33%
Jak nazywa się szczyt górski położony najbliżej Leska, popularny wśród turystów? Gruszka
33%
W którym wieku pojawili się pierwsi Żydzi w Lesku? XVI
33%
Jaką nazwę nosi lokalna gazeta ukazująca się w powiecie leskim? Gazeta Bieszczadzka
25%
Jak nazywa się wzgórze z krzyżem i punktem widokowym nad miastem? Góra Sobień
25%
Jak mniejsza rzeka przypływa przez Lesko? Hoczewka
17%
Kogo przedstawia posąg w centrum Leska? Tadeusz Kościuszko
17%
Który reżyser polskiego kina kręcił sceny filmowe w rejonie Leska? Wojciech Smarzowski
17%
Nie znaleziono quizów pasujących do podanych kryteriów
Rozkład punktacji
Procent ludzi z każdym wynikiem
Percentyl według liczby udzielonych odpowiedzi
Twoja historia wyników
Nie rozwiązałeś tego quizu